| 000 | 02432camaa22006374i 4500 | ||
|---|---|---|---|
| 003 | PE-LiUPU | ||
| 005 | 20250731173049.0 | ||
| 008 | 070219s2006 sp b rb 000 0 spa d | ||
| 020 | _a8481693669 | ||
| 020 | _a9788481693669 | ||
| 035 | _a(Sirsi) i9788481693669 | ||
| 035 |
_a(OCoLC)433552147 _z(OCoLC)181027235 _z(OCoLC)981363803 _z(OCoLC)1010632920 |
||
| 040 |
_aBNM _bspa _erda _cBNM _dXS# _dPIFSG _dOCLCQ _dOCLCO _dOCLCF _dDDT _dPE-LiUPU |
||
| 041 | 1 |
_aspa _hfre |
|
| 049 | _aPRUA | ||
| 050 | 4 |
_aBS2535.2 _b.C4518 2006 |
|
| 080 | _a225.01 | ||
| 082 | 0 | 4 |
_a225.61 _bC525 _221 |
| 100 | 1 |
_aCharpentier, Étienne, _eautor. |
|
| 245 | 1 | 0 |
_aPara leer el Nuevo Testamento / _cÉtienne Charpentier y Régis Burnet ; con la colaboración de Charles Perrot ; [traducción, Pedro Barrado]. |
| 250 | _a2a. edición. | ||
| 264 | 1 |
_a[Estella (Navarra)] _bVerbo Divino _c[2006] |
|
| 300 |
_a195 páginas ; _bIlustraciones ; _c22 centímetros. |
||
| 336 |
_atext _2rdacontent |
||
| 337 |
_aunmediated _2rdamedia |
||
| 338 |
_avolume _2rdacarrier |
||
| 490 | 0 |
_aPara leer _v2 |
|
| 504 | _aBibliografía : páginas 193-195. | ||
| 505 | _aGeneralidades -- Evangelios y hechos -- Las cartas del Nuevo Testamento . Itinerarios -- El Apocalipsis -- Consejos para abordar un texto -- Para ir más alla. | ||
| 526 | _aSEG42 | ||
| 526 | _aSEG41 | ||
| 526 | _aSEG40 | ||
| 526 | _aSEG39 | ||
| 526 | _aP94 | ||
| 526 | _aP87 | ||
| 526 | _aP86 | ||
| 526 | _aP85 | ||
| 526 | _aP77 | ||
| 526 | _aP76 | ||
| 526 | _aP35 | ||
| 534 | 1 | 0 |
_pTítulo original: _aPour lire le Nouveau Testament. |
| 630 | 0 | 0 |
_aBible. _pNew Testament _vIntroductions. |
| 630 | 0 | 0 |
_aBiblia. _pNuevo Testamento _vIntroducciones. _91606 |
| 630 | 0 | 4 |
_aBiblia _xLectura. |
| 630 | 0 | 4 |
_aBiblia _xLectura. |
| 700 | 1 |
_aBurnet, Régis, _eautor. |
|
| 700 | 1 |
_aPerrot, Charles, _eautor. |
|
| 830 | 0 |
_aPara leer, comprender, vivir ; _v2. |
|
| 910 |
_adbm _bebj _cebj _d20180104 |
||
| 942 |
_2ddc _cBOOK |
||
| 949 |
_a225.61 C525 _wDEWEY _c1 _i77865 _lCATALOGING _mBUL _p17.40 _r0 _sY _tBOOK _u2018-01-04 _xPOSGRADO _PP85 _0DONACION _o.STAFF. Colección Teología. |
||
| 994 |
_aC0 _bPEPRU |
||
| 596 | _a1 | ||
| 999 |
_a225.61 C525 _wDEWEY _c26561 _i77865 _d26561 _f2021-11-9 _g4 _lCCODEBUL1 _mBUL _p17.40 _q2 _r0 _sY _tBOOK _u2018-1-4 _xTEOLOGIA _PP85 _0DONACION _o.STAFF. Colección Teología. |
||
| 980 |
_81 _gALBERTO SANCHEZ Responsable de Automatización |
||